000 00875nam a2200253 i 4500
003 DO-SdBNP
005 20250115095723.0
007 ta
008 250115b2024 dr ||||| |||| 00| 0 spa d
020 _a9789945501810
040 _aDO-SdBNP
_bspa
_cBNPHU
_erda
082 4 _222
_axxxx
_bD812t
100 _aDuarte, Norma,
_eautor
_4aut.
_986895
245 1 0 _aTrastornos del neurodesarrollo :
_buna visión humanista /
_cNorma Margarita Duarte Duarte ; prólogo, Clara Benedicto
264 _aSanto Domingo :
_bEditora Universidad Autónoma de Santo Domingo,
_c2024.
300 _a304 páginas :
_c21 cm.
336 _atexto
_btxt
_2rdacontent
337 _asin mediación
_bn
_2rdamedia
338 _avolumen
_bnc
_2rdacarrier
500 _aIncluye datos biográficos del autor en la contracubierta
590 _aInventariado, 2025/BT
910 _aBtavárez
942 _2ddc
_cLBS1
999 _c58063
_d58063